Welcome to CU Library Online Public Access Catalogue (OPAC)

Effective biblical counseling / (Record no. 1120)

MARC details
000 -LEADER
fixed length control field 00669pam a2200205 i 4500
001 - CONTROL NUMBER
control field 18229675
005 - DATE AND TIME OF LATEST TRANSACTION
control field 20241113135823.0
008 - FIXED-LENGTH DATA ELEMENTS--GENERAL INFORMATION
fixed length control field 140717r20131977miua 000 0 eng
020 ## - INTERNATIONAL STANDARD BOOK NUMBER
International Standard Book Number 9780310225706 (hardcover)
050 00 - LIBRARY OF CONGRESS CALL NUMBER
Classification number BR110
Item number .C76 2013
082 00 - DEWEY DECIMAL CLASSIFICATION NUMBER
Classification number 253.5
Edition information 23
100 1# - MAIN ENTRY--PERSONAL NAME
Personal name Crabb, Larry,
Dates associated with a name 1944-
Relator term author.
245 10 - TITLE STATEMENT
Title Effective biblical counseling /
Statement of responsibility, etc. Larry Crabb.
300 ## - PHYSICAL DESCRIPTION
Extent 191 pages :
Other physical details illustrations ;Chart appendix
Dimensions 23 cm
500 ## - GENERAL NOTE
General note Reprint of first edition published in 1977. With new preface.
650 #0 - SUBJECT ADDED ENTRY--TOPICAL TERM
Topical term or geographic name entry element Counseling
General subdivision Religious aspects
-- Christianity.
650 00 - SUBJECT ADDED ENTRY--TOPICAL TERM
Topical term or geographic name entry element Bible
General subdivision Psychology.
650 #0 - SUBJECT ADDED ENTRY--TOPICAL TERM
Topical term or geographic name entry element Pastoral counseling.
942 ## - ADDED ENTRY ELEMENTS (KOHA)
Source of classification or shelving scheme Library of Congress Classification
Koha item type Books
Suppress in OPAC No
999 ## -
-- 1120
-- 1120
Holdings
Withdrawn status Lost status Source of classification or shelving scheme Damaged status Not for loan Collection Home library Current library Shelving location Date acquired Total checkouts Full call number Barcode Date last seen Copy number Price effective from Koha item type
    Library of Congress Classification     Non-fiction Graduate Library (Christ Temple) Graduate Library (Christ Temple) General stacks 02/03/2025   BR 110 CRA GSCT00000452 02/03/2025 1 02/03/2025 Books
    Library of Congress Classification     Non-fiction Law Library (Miotso) Law Library (Miotso) General stacks 11/13/2024   BR110 CRA LLM00000871 11/13/2024 1 11/13/2024 Books
    Library of Congress Classification     Non-fiction Undergraduate Library (Christ Temple) Undergraduate Library (Christ Temple) General stacks 09/01/2025   BR110 CRA ulct00004566 09/01/2025 1 09/01/2025 Books
© 2023-2024 Copyright: Central University Libraries. All Rights Reserved | Created by: Mahone Tech Office